| 000 | nam a22 7a 4500 | ||
|---|---|---|---|
| 999 |
_c29977 _d29977 |
||
| 008 | 181129b xxu||||| |||| 00| 0 eng d | ||
| 020 | _a9780415375856 | ||
| 050 | _aHG 173 .J657 2008 | ||
| 100 | _aJones, Chris. | ||
| 245 | _aFinancial economics/ | ||
| 260 |
_aLondon: _bRoutledge, _c2008. |
||
| 300 |
_axii, 320p.: _bill.; _c24 cm. |
||
| 504 | _aIncludes bibliographical references and index. | ||
| 650 | _aFinance. | ||
| 650 | _aEconomics. | ||
| 942 |
_2lcc _cBOOKS _hHG 173 .J657 2008 |
||